000 00545nam a2200145Ia 4500
008 100415s9999 xx 000 0 und d
082 _b6473
_a500
100 _aP.N.I
245 _aProceeding Of The National Institide Of Science Of Inia Vol .22, Pt.B``
260 _aNEW DELHI
_c1956
_bProceeding Of The National Institide Of Science Of
365 _b0
630 _aProceeding Of The National Institide Of Science Of Inia Vol .22, Pt.B``
730 _aProceeding Of The National Institide Of Science Of Inia Vol .22, Pt.B``
942 _cBOOK
999 _c589441
_d589438